[Event "ECCC 2013"]
[Site "Rhodes"]
[Date "2013.10.25"]
[Round "6"]
[White "Aulin-Jansson, Joran"]
[Black "O'Driscoll, Kieran"]
[Result "1-0"]
[WhiteElo "2201"]
[BlackElo "2120"]
[PlyCount "59"]
[EventDate "2013.10.20"]
[EventType "team"]
[EventRounds "7"]
[EventCountry "GRE"]
[WhiteTeam "Asker"]
[BlackTeam "White Rose"]

1. d4 d5 2. Nf3 Nf6 3. c4 c6 4. e3 g6 5. Nc3 Bg7 6. Bd3 O-O 7. O-O b6 8. Qe2
Bb7 9. Bd2 Nbd7 10. cxd5 Nxd5 11. Nxd5 cxd5 12. Rfc1 e5 13. Ba6 Bxa6 14. Qxa6
e4 15. Ne1 Nf6 16. Rc6 Re8 17. Rac1 Bf8 18. a3 Bd6 19. h3 Qe7 20. Nc2 Rad8 21.
Bb4 Bxb4 22. Nxb4 g5 23. Rc7 Qe6 24. Nc6 Rd6 25. Ne5 g4 26. Rxf7 gxh3 27. Rcc7
hxg2 28. Qxa7 Qh3 29. Rg7+ Kh8 30. Rxg2 1-0

[Event "ECCC 2013"]
[Site "Rhodes"]
[Date "2013.10.25"]
[Round "6"]
[White "Swinkels, Robin"]
[Black "Pruijssers, Roeland"]
[Result "0-1"]
[WhiteElo "2536"]
[BlackElo "2529"]
[PlyCount "86"]
[EventDate "2013.10.20"]
[EventType "team"]
[EventRounds "7"]
[EventCountry "GRE"]
[WhiteTeam "SK 47 Eynatten"]
[BlackTeam "Accres Apeldoorn"]

1. d4 d6 2. e4 Nf6 3. f3 e5 4. d5 g6 5. Bg5 Be7 6. Bh6 Bf8 7. Bg5 Be7 8. Bh6
Bf8 9. Be3 Be7 10. Qd2 c6 11. c4 O-O 12. Nc3 cxd5 13. cxd5 Nh5 14. Bh6 Ng7 15.
g3 f5 16. O-O-O Na6 17. h4 Rf7 18. Nh3 Nc5 19. b4 Nd7 20. Be3 Nb6 21. Kb1 Bd7
22. Rc1 Rc8 23. Ng5 Rf8 24. Be2 Nh5 25. Rhg1 Bxg5 26. hxg5 f4 27. gxf4 Nxf4 28.
Rg3 Nc4 29. Bxc4 Rxc4 30. a3 a5 31. Na2 Rxc1+ 32. Nxc1 Nh5 33. Rg1 Rxf3 34.
bxa5 Ng3 35. Rxg3 Rxg3 36. Nd3 Bb5 37. Nf2 Qc7 38. Kb2 Qc4 39. Nd1 Ba4 40. Nc3
Qb3+ 41. Kc1 Rf3 42. Qd3 Rf1+ 43. Qxf1 Qc2# 0-1

[Event "ECCC 2013"]
[Site "Rhodes"]
[Date "2013.10.25"]
[Round "6"]
[White "Van Delft, Merijn"]
[Black "Dambacher, Martijn"]
[Result "1/2-1/2"]
[WhiteElo "2425"]
[BlackElo "2493"]
[PlyCount "78"]
[EventDate "2013.10.20"]
[EventType "team"]
[EventRounds "7"]
[EventCountry "GRE"]
[WhiteTeam "Accres Apeldoorn"]
[BlackTeam "SK 47 Eynatten"]

1. e4 e5 2. Nf3 Nc6 3. Bb5 a6 4. Ba4 Nge7 5. c3 g6 6. d4 exd4 7. cxd4 b5 8. Bc2
d5 9. exd5 Nxd5 10. O-O Bg7 11. Re1+ Be6 12. Bg5 Qd7 13. Nc3 O-O 14. Bb3 Rfe8
15. a4 b4 16. Rxe6 fxe6 17. Ne4 Rf8 18. Rc1 Rxf3 19. Qxf3 Nxd4 20. Qd3 Nxb3 21.
Qxb3 Bd4 22. Rd1 Qg7 23. Bf6 Bxf6 24. Rxd5 Bxb2 25. Rd1 Qe5 26. Qxb4 a5 27. Qc4
Rb8 28. Qc6 Bd4 29. g3 Rf8 30. Kg2 Bb6 31. Rd7 Qf5 32. f4 Rf7 33. Rxf7 Kxf7 34.
Qd7+ Kf8 35. Qd8+ Kg7 36. Qe7+ Qf7 37. Qg5 Qf5 38. Qe7+ Qf7 39. Qg5 Qf5 1/2-1/2

[Event "ECCC 2013"]
[Site "Rhodes"]
[Date "2013.10.25"]
[Round "6"]
[White "Hoffmann, Michael"]
[Black "Kuipers, Stefan"]
[Result "1/2-1/2"]
[WhiteElo "2462"]
[BlackElo "2411"]
[PlyCount "93"]
[EventDate "2013.10.20"]
[EventType "team"]
[EventRounds "7"]
[EventCountry "GRE"]
[WhiteTeam "SK 47 Eynatten"]
[BlackTeam "Accres Apeldoorn"]

1. d4 d6 2. Nf3 Nd7 3. c4 e5 4. Nc3 Ngf6 5. Bg5 Be7 6. e3 O-O 7. Qc2 c6 8.
O-O-O Qa5 9. Bd3 Re8 10. Kb1 exd4 11. exd4 Nf8 12. h3 Be6 13. Bd2 Qd8 14. Ng5
d5 15. Nxe6 Nxe6 16. Be3 dxc4 17. Bxc4 Nc7 18. Qb3 Ncd5 19. Rc1 Qd7 20. Nxd5
Nxd5 21. Bxd5 cxd5 22. Rc2 Rac8 23. Rhc1 Rxc2 24. Qxc2 h6 25. a3 Qb5 26. Ka2
Bd6 27. Qf5 a5 28. g4 a4 29. Rc3 g6 30. Qf6 Be7 31. Qf3 Bf8 32. Rc7 Re7 33. Rc8
Qb3+ 34. Ka1 Re6 35. Rc3 Qb5 36. Rc7 Re7 37. Rc8 Kg7 38. h4 Re4 39. g5 hxg5 40.
hxg5 Re6 41. Rc7 Be7 42. Rxe7 Qf1+ 43. Ka2 Qc4+ 44. Ka1 Qf1+ 45. Ka2 Qc4+ 46.
Kb1 Qd3+ 47. Ka1 1/2-1/2

[Event "ECCC 2013"]
[Site "Rhodes"]
[Date "2013.10.25"]
[Round "6"]
[White "Boel, Marcel"]
[Black "Polaczek, Richard"]
[Result "1/2-1/2"]
[WhiteElo "2231"]
[BlackElo "2427"]
[PlyCount "107"]
[EventDate "2013.10.20"]
[EventType "team"]
[EventRounds "7"]
[EventCountry "GRE"]
[WhiteTeam "Accres Apeldoorn"]
[BlackTeam "SK 47 Eynatten"]

1. e4 e6 2. d4 d5 3. Nc3 Nf6 4. e5 Nfd7 5. f4 c5 6. Nf3 Nc6 7. Be3 Qb6 8. Na4
Qa5+ 9. c3 cxd4 10. b4 Nxb4 11. cxb4 Bxb4+ 12. Bd2 Bxd2+ 13. Nxd2 b5 14. Nb2
Nc5 15. Rc1 Ne4 16. Bd3 Bb7 17. a4 a6 18. Bxe4 dxe4 19. O-O O-O 20. Qe1 Qb4 21.
Rb1 Qc3 22. Qe2 e3 23. Nf3 Rac8 24. axb5 Be4 25. Rbd1 Rfd8 26. bxa6 d3 27. Qxe3
Bxf3 28. Qxf3 Qxb2 29. Rxd3 Qb6+ 30. Kh1 Qxa6 31. Rxd8+ Rxd8 32. Rd1 Rxd1+ 33.
Qxd1 h6 34. h3 Qc4 35. Qf3 Qd4 36. Qa8+ Kh7 37. Qf3 g6 38. Kh2 Kg7 39. g3 Qd2+
40. Kg1 g5 41. Kh1 Qc1+ 42. Kh2 Qc2+ 43. Kh1 Kg6 44. Qe3 Qb1+ 45. Kh2 Qc2+ 46.
Kh1 Qf5 47. Kg2 h5 48. fxg5 Qxg5 49. Qf4 Qf5 50. h4 Qc2+ 51. Kh3 Qf5+ 52. Kg2
Qc2+ 53. Kh3 Qf5+ 54. Kg2 1/2-1/2

[Event "ECCC 2013"]
[Site "Rhodes"]
[Date "2013.10.25"]
[Round "6"]
[White "Van Dommelen, Martin"]
[Black "Vanstreels, Luc"]
[Result "1-0"]
[WhiteElo "2100"]
[BlackElo "2068"]
[PlyCount "87"]
[EventDate "2013.10.20"]
[EventType "team"]
[EventRounds "7"]
[EventCountry "GRE"]
[WhiteTeam "Accres Apeldoorn"]
[BlackTeam "SK 47 Eynatten"]

1. e4 c6 2. d4 d5 3. Nc3 dxe4 4. Nxe4 Bf5 5. Ng3 Bg6 6. h4 h6 7. Nf3 Nd7 8. h5
Bh7 9. Bd3 Bxd3 10. Qxd3 e6 11. Bd2 Qc7 12. O-O-O Ngf6 13. Ne4 Nxe4 14. Qxe4
Bd6 15. g3 O-O-O 16. Kb1 Rhe8 17. c4 f5 18. Qc2 Nf6 19. c5 Bf8 20. Qa4 Qb8 21.
Bf4 Qa8 22. Ne5 Nd5 23. Nc4 Kd7 24. Rd3 Nxf4 25. gxf4 Ke7 26. Ne5 Rd5 27. Rg1
Red8 28. Rg6 a5 29. Qc4 Rc8 30. Re3 Qa6 31. Qxa6 bxa6 32. Nf3 Kf7 33. Rexe6 Be7
34. Rxc6 Rxc6 35. Rxc6 Bf6 36. Rxa6 Bxd4 37. Nxd4 Rxd4 38. Rxa5 Rxf4 39. c6 Rc4
40. Ra7+ Kf6 41. c7 Ke5 42. b3 Rc6 43. b4 Kd6 44. Ra6 1-0

[Event "ECCC 2013"]
[Site "Rhodes"]
[Date "2013.10.25"]
[Round "6"]
[White "Kovacs, Gabor"]
[Black "Miralles, Gilles"]
[Result "1-0"]
[WhiteElo "2459"]
[BlackElo "2472"]
[PlyCount "69"]
[EventDate "2013.10.20"]
[EventType "team"]
[EventRounds "7"]
[EventCountry "GRE"]
[WhiteTeam "Haladas VSE, Szombathely"]
[BlackTeam "Club d'Echecs de Geneve"]

1. d4 f5 2. c4 Nf6 3. Nc3 g6 4. h4 Bg7 5. h5 Nxh5 6. e4 O-O 7. exf5 d6 8. fxg6
hxg6 9. Be3 Nc6 10. Nh3 e5 11. d5 Nd4 12. Bd3 Qe8 13. Ng5 Nf4 14. Be4 Bf5 15.
Rh2 Qe7 16. Nf3 Bxe4 17. Nxe4 Nxg2+ 18. Rxg2 Nxf3+ 19. Ke2 Qh4 20. Kd3 Qh5 21.
Qh1 Qf5 22. Rg3 b5 23. cxb5 a6 24. b6 cxb6 25. Rc1 Qf7 26. Ke2 Nd4+ 27. Ke1
Rac8 28. Rc3 Qf5 29. Kd2 Nb5 30. Ng5 Rf6 31. Qh7+ Kf8 32. Rf3 Nxc3 33. Rxf5
Nb1+ 34. Kd1 gxf5 35. Ne6+ 1-0

[Event "ECCC 2013"]
[Site "Rhodes"]
[Date "2013.10.25"]
[Round "6"]
[White "Gerber, Richard"]
[Black "Nemeth, Miklos"]
[Result "0-1"]
[WhiteElo "2390"]
[BlackElo "2468"]
[PlyCount "124"]
[EventDate "2013.10.20"]
[EventType "team"]
[EventRounds "7"]
[EventCountry "GRE"]
[WhiteTeam "Club d'Echecs de Geneve"]
[BlackTeam "Haladas VSE, Szombathely"]

1. Nf3 Nf6 2. c4 e6 3. Nc3 d5 4. cxd5 exd5 5. d4 Bd6 6. Bg5 c6 7. Qc2 Nbd7 8.
e3 O-O 9. Bd3 Qc7 10. O-O h6 11. Bh4 Ng4 12. Bg3 Bxg3 13. hxg3 Qd6 14. e4 dxe4
15. Nxe4 Qd5 16. Rfe1 Ndf6 17. Nc3 Qd6 18. Rad1 Be6 19. Ne5 h5 20. Qc1 Rad8 21.
Qg5 Qxd4 22. Nxg4 Bxg4 23. Be2 Qb4 24. Rxd8 Rxd8 25. Bxg4 hxg4 26. Re2 Rd4 27.
Qf5 Qf8 28. Kh2 b6 29. Ne4 Nxe4 30. Rxe4 Rxe4 31. Qxe4 Qc8 32. Qe7 a5 33. Qa7
Qd8 34. Qb7 c5 35. b3 g6 36. Qe4 Qd7 37. Qa8+ Kg7 38. Qb8 Qe6 39. Qc7 Qf6 40.
Qb7 Qd6 41. Qa6 Qc6 42. Kg1 a4 43. Qc4 axb3 44. axb3 Qe6 45. Qb5 Kf6 46. Kf1
Ke7 47. Qa4 Qd7 48. Qe4+ Kf8 49. Qc2 Qd5 50. Ke1 Qxg2 51. Qd3 Qh1+ 52. Kd2 Qf3
53. Qd6+ Kg7 54. Qe5+ Kh7 55. Qe3 Kg7 56. Qe5+ Qf6 57. Qe3 Qb2+ 58. Ke1 Qd4 59.
Qe7 Qc3+ 60. Ke2 Qc2+ 61. Ke1 Qxb3 62. Qe5+ Kh7 0-1

[Event "ECCC 2013"]
[Site "Rhodes"]
[Date "2013.10.25"]
[Round "6"]
[White "Petenyi, Tamas"]
[Black "Landenbergue, Claude"]
[Result "1/2-1/2"]
[WhiteElo "2464"]
[BlackElo "2393"]
[PlyCount "122"]
[EventDate "2013.10.20"]
[EventType "team"]
[EventRounds "7"]
[EventCountry "GRE"]
[WhiteTeam "Haladas VSE, Szombathely"]
[BlackTeam "Club d'Echecs de Geneve"]

1. e4 c5 2. Nf3 e6 3. d4 cxd4 4. Nxd4 a6 5. Bd3 d6 6. O-O Nf6 7. Nc3 Be7 8. Kh1
O-O 9. f4 Qc7 10. Qe2 Nbd7 11. Bd2 b5 12. Rae1 Bb7 13. a3 Rad8 14. Qe3 Nc5 15.
b4 Nxd3 16. cxd3 Qd7 17. Nce2 Rc8 18. Rc1 Rxc1 19. Rxc1 Rc8 20. Rf1 Bd8 21. Bc3
Bb6 22. Qd2 Qe8 23. Nb3 Nd7 24. Bd4 Qd8 25. Rc1 Rxc1+ 26. Qxc1 e5 27. Bxb6 Qxb6
28. Na5 g6 29. fxe5 Nxe5 30. Nf4 Kg7 31. h3 Ba8 32. Qd2 Qd4 33. Nb3 Qb6 34. Na5
Qd4 35. Nb3 Qb6 36. Qe1 Qc7 37. Nd4 Kg8 38. Qd2 Qb6 39. Qc3 Bb7 40. Kh2 Qd8 41.
Qe1 Qf6 42. Qe3 Qd8 43. Nf3 Qc7 44. Nxe5 dxe5 45. Ne2 Qd6 46. Nc1 Bc8 47. Nb3
Be6 48. Nc5 Kg7 49. Qf2 h5 50. Kg1 f6 51. Qe3 Bf7 52. Kf2 Be6 53. Kf1 Bf7 54.
Kg1 Be6 55. d4 exd4 56. Qf4 Qe7 57. Qc7 Kf7 58. Nxe6 Kxe6 59. Qc6+ Kf7 60. Qd5+
Kg7 61. Qxd4 Qc7 1/2-1/2

[Event "ECCC 2013"]
[Site "Rhodes"]
[Date "2013.10.25"]
[Round "6"]
[White "Domont, Alexandre"]
[Black "Nagy, Gabor"]
[Result "1-0"]
[WhiteElo "2373"]
[BlackElo "2414"]
[PlyCount "151"]
[EventDate "2013.10.20"]
[EventType "team"]
[EventRounds "7"]
[EventCountry "GRE"]
[WhiteTeam "Club d'Echecs de Geneve"]
[BlackTeam "Haladas VSE, Szombathely"]

1. Nc3 Nf6 2. d4 d5 3. Bg5 Nbd7 4. Qd3 c6 5. Nf3 Qa5 6. Nd2 b5 7. Nb3 Qc7 8. a3
e6 9. e4 h6 10. Bh4 Nxe4 11. Nxe4 Qf4 12. Bg3 Qxe4+ 13. Qxe4 dxe4 14. Na5 h5
15. h4 Nb6 16. Nxc6 f6 17. Be2 Bd7 18. Nb8 a6 19. O-O Bc8 20. Nc6 g6 21. b3 Nd5
22. c4 Nc3 23. Rfe1 Bh6 24. Bf1 bxc4 25. Bxc4 Bd2 26. Rf1 Bb7 27. Nb4 Ke7 28.
Bc7 e3 29. fxe3 Bxe3+ 30. Kh2 Bxd4 31. Rae1 e5 32. Nc2 Rac8 33. Ba5 Nb5 34.
Nxd4 Nxd4 35. Bb4+ Kd7 36. Rxf6 a5 37. Rf7+ Kc6 38. Rf6+ Kd7 39. Bxa5 Rhf8 40.
Ref1 Rxf6 41. Rxf6 Be4 42. Rf7+ Kc6 43. Rf6+ Kd7 44. Rf7+ Kc6 45. Re7 Rf8 46.
Rxe5 Rf4 47. Be1 Rg4 48. Rg5 Rxg5 49. hxg5 Nc2 50. Bb4 Ne3 51. Bf7 Nxg2 52. Bd2
Nh4 53. Be3 Nf3+ 54. Kh3 Ne5 55. Be8+ Kb7 56. a4 Nd3 57. Kg3 Bf5 58. Bb5 Nb4
59. Bd2 Nc2 60. Bf1 Nd4 61. Bg2+ Kc8 62. b4 Bc2 63. a5 Bd3 64. Kf4 Bb5 65. Be4
Be8 66. Be3 Nc6 67. Bc5 Nd8 68. Ke5 h4 69. Kf4 Bd7 70. a6 Ne6+ 71. Ke5 Nxc5 72.
bxc5 Kb8 73. Bxg6 h3 74. Be4 h2 75. g6 Bf5 76. Kxf5 1-0

[Event "ECCC 2013"]
[Site "Rhodes"]
[Date "2013.10.25"]
[Round "6"]
[White "Csonka, Attila Istvan"]
[Black "Vuilleumier, Alexandre"]
[Result "0-1"]
[WhiteElo "2387"]
[BlackElo "2325"]
[PlyCount "144"]
[EventDate "2013.10.20"]
[EventType "team"]
[EventRounds "7"]
[EventCountry "GRE"]
[WhiteTeam "Haladas VSE, Szombathely"]
[BlackTeam "Club d'Echecs de Geneve"]

1. e4 e5 2. d4 exd4 3. Qxd4 Nc6 4. Qe3 g6 5. Nc3 Bg7 6. Bd2 Nge7 7. O-O-O d6 8.
Bc4 a6 9. f4 Be6 10. Bxe6 fxe6 11. Qh3 Qd7 12. Nf3 Nd4 13. Nxd4 Bxd4 14. Ne2
Bg7 15. Bc3 Bxc3 16. Qxc3 O-O-O 17. Nd4 Nc6 18. Nxc6 Qxc6 19. Qxc6 bxc6 20.
Rhf1 Rdf8 21. Kd2 Kd7 22. Rf3 Rf7 23. Rdf1 Rb8 24. Kc3 Rb5 25. a4 Rh5 26. h3
Rc5+ 27. Kd3 d5 28. Re1 Rc4 29. b3 Rb4 30. g3 d4 31. e5 c5 32. Ke4 Kc6 33. Rd3
Rd7 34. Red1 a5 35. g4 Rd5 36. f5 gxf5+ 37. gxf5 exf5+ 38. Kxf5 Rb8 39. c3 Re8
40. Re1 Kd7 41. Re4 Rf8+ 42. Kg4 Ke6 43. cxd4 Rfd8 44. Kf3 cxd4 45. Rh4 R8d7
46. Rh6+ Kxe5 47. Ke2 Rg7 48. Rf3 d3+ 49. Rxd3 Rg2+ 50. Kf1 Rxd3 51. Kxg2 Rxb3
52. Rc6 Rb7 53. Kf3 Kd5 54. Ra6 Rb3+ 55. Kg2 c5 56. Rxa5 Kd4 57. Ra7 c4 58.
Rxh7 c3 59. Rd7+ Ke4 60. Re7+ Kd3 61. Rd7+ Ke2 62. Re7+ Kd2 63. Rd7+ Kc1 64.
Kg3 c2+ 65. Kg4 Rc3 66. Rf7 Kd2 67. Rf1 c1=Q 68. Rxc1 Rxc1 69. h4 Ke3 70. Kf5
Rc5+ 71. Kg6 Kf4 72. h5 Rc6+ 0-1

[Event "ECCC 2013"]
[Site "Rhodes"]
[Date "2013.10.25"]
[Round "6"]
[White "Duport, Nicolas"]
[Black "Pergel, Laszlo"]
[Result "1/2-1/2"]
[WhiteElo "2219"]
[BlackElo "2249"]
[PlyCount "82"]
[EventDate "2013.10.20"]
[EventType "team"]
[EventRounds "7"]
[EventCountry "GRE"]
[WhiteTeam "Club d'Echecs de Geneve"]
[BlackTeam "Haladas VSE, Szombathely"]

1. e4 c5 2. Nf3 d6 3. d4 cxd4 4. Nxd4 Nf6 5. Nc3 Nc6 6. Bg5 e6 7. Qd2 Be7 8.
O-O-O O-O 9. f4 h6 10. Bh4 e5 11. Nf5 Bxf5 12. exf5 exf4 13. Kb1 d5 14. Bxf6
Bxf6 15. Nxd5 Be5 16. Bc4 b5 17. Bb3 a5 18. c3 b4 19. cxb4 Nxb4 20. Rhe1 Bf6
21. Qxf4 Nxd5 22. Rxd5 Qb6 23. Rd6 Qb8 24. Qd2 a4 25. Bd5 Bxb2 26. Qxb2 Qxd6
27. Bxa8 Rxa8 28. Qe5 Qb4+ 29. Ka1 Rb8 30. Rd1 a3 31. h3 Rc8 32. f6 Qd2 33. Rb1
Rc1 34. Qb8+ Kh7 35. Rxc1 Qd4+ 36. Kb1 Qd3+ 37. Ka1 Qd4+ 38. Kb1 Qd3+ 39. Ka1
Qd4+ 40. Kb1 Qd3+ 41. Ka1 Qd4+ 1/2-1/2

[Event "ECCC 2013"]
[Site "Rhodes"]
[Date "2013.10.25"]
[Round "6"]
[White "Ahlander, Bjorn"]
[Black "Hamitevici, Vladimir"]
[Result "1/2-1/2"]
[WhiteElo "2442"]
[BlackElo "2490"]
[PlyCount "125"]
[EventDate "2013.10.20"]
[EventType "team"]
[EventRounds "7"]
[EventCountry "GRE"]
[WhiteTeam "Limhamns SK"]
[BlackTeam "The Smashing Pawns Belvaux"]

1. c4 b6 2. Nc3 Bb7 3. e4 e5 4. Nf3 Nc6 5. d4 exd4 6. Nxd4 Bb4 7. Nde2 Qh4 8.
a3 Bc5 9. g3 Qh5 10. Bg2 a5 11. Nd5 O-O-O 12. Bf4 d6 13. O-O Nf6 14. Rb1 Rhe8
15. Nxf6 gxf6 16. Nc3 Qxd1 17. Rfxd1 Ba6 18. Nd5 Bxc4 19. Nxf6 Rh8 20. Bf1 Bb3
21. Rd2 Nd4 22. Kg2 Ne6 23. Bh6 Bd4 24. Nd5 Kb7 25. f3 c6 26. Ne7 Bc5 27. Nf5
d5 28. exd5 Rxd5 29. Rxd5 cxd5 30. Bd3 Re8 31. Rc1 Ka7 32. g4 Nf8 33. h4 Ng6
34. h5 Ne5 35. Re1 Re6 36. Bb1 d4 37. Bc1 d3 38. Ng3 Bc2 39. Ba2 Re7 40. Nf5 d2
41. Bxd2 Bxf5 42. gxf5 f6 43. h6 Rd7 44. Bc3 Bf8 45. Be6 Rd3 46. Rh1 Nxf3 47.
Rh3 Ne5 48. Rxd3 Nxd3 49. Bxf6 Bxh6 50. Bc4 Nc5 51. Bg8 Bc1 52. Bxh7 Nd3 53.
Be7 Nxb2 54. f6 Bg5 55. Kf3 Nc4 56. a4 b5 57. Bc5+ Ka6 58. Bd3 Bxf6 59. Ke4
bxa4 60. Kd5 Kb7 61. Kxc4 Be5 62. Be4+ Kc7 63. Kb5 1/2-1/2

[Event "ECCC 2013"]
[Site "Rhodes"]
[Date "2013.10.25"]
[Round "6"]
[White "Weber, Tom"]
[Black "Jepson, Christian"]
[Result "1/2-1/2"]
[WhiteElo "2415"]
[BlackElo "2392"]
[PlyCount "107"]
[EventDate "2013.10.20"]
[EventType "team"]
[EventRounds "7"]
[EventCountry "GRE"]
[WhiteTeam "The Smashing Pawns Belvaux"]
[BlackTeam "Limhamns SK"]

1. c4 e6 2. g3 d5 3. Bg2 Nf6 4. Nf3 c6 5. O-O dxc4 6. a4 Qd5 7. b3 cxb3 8. Nc3
Qa5 9. Qxb3 Nbd7 10. d4 Bb4 11. Bb2 O-O 12. e4 b6 13. Rfd1 Bb7 14. Ne5 Nxe5 15.
dxe5 Ng4 16. h3 Nh6 17. Rd7 Bc8 18. Rc7 Rd8 19. Rxc6 Bd7 20. Rc4 Bc5 21. Rd1
Be8 22. Bc1 Rac8 23. Bf1 Be7 24. Rxd8 Rxd8 25. Nb5 Bxb5 26. Qxb5 Qxb5 27. axb5
Bc5 28. Kg2 Kf8 29. Kf3 Ng8 30. Be3 Rc8 31. Bxc5+ Rxc5 32. Rxc5 bxc5 33. Ke3
Ke7 34. Kd3 f6 35. Kc4 fxe5 36. Kxc5 Kd7 37. f4 Nf6 38. Bd3 exf4 39. gxf4 Nh5
40. f5 e5 41. Bc4 Nf4 42. h4 h6 43. Bb3 g6 44. f6 g5 45. hxg5 hxg5 46. Bd1 Ke6
47. Kc6 Nd3 48. Bf3 Kxf6 49. Kb7 Nc5+ 50. Kxa7 g4 51. Bxg4 Nxe4 52. b6 Nc5 53.
b7 Nxb7 54. Kxb7 1/2-1/2

[Event "ECCC 2013"]
[Site "Rhodes"]
[Date "2013.10.25"]
[Round "6"]
[White "Johansson, Linus"]
[Black "Jeitz, Christian"]
[Result "1-0"]
[WhiteElo "2321"]
[BlackElo "2222"]
[PlyCount "129"]
[EventDate "2013.10.20"]
[EventType "team"]
[EventRounds "7"]
[EventCountry "GRE"]
[WhiteTeam "Limhamns SK"]
[BlackTeam "The Smashing Pawns Belvaux"]

1. d4 Nf6 2. c4 g6 3. Nc3 d5 4. Nf3 Bg7 5. Qb3 dxc4 6. Qxc4 O-O 7. e4 Bg4 8.
Be3 Nfd7 9. Be2 Nb6 10. Qc5 N8d7 11. Qg5 Bxf3 12. gxf3 e5 13. Qxd8 Rfxd8 14. d5
Rac8 15. O-O c6 16. dxc6 Rxc6 17. Rfd1 Bf6 18. Bb5 Rc7 19. Bxd7 Rcxd7 20. Rxd7
Rxd7 21. Bxb6 axb6 22. Nd5 Bd8 23. b4 Kg7 24. Rc1 h5 25. Kf1 Kh6 26. Ke2 Rd6
27. b5 Rd7 28. Kf1 Kg5 29. Kg2 Rd6 30. Kg3 Rd7 31. Rc8 Kh6 32. Rb8 Kg5 33. Rc8
Kh6 34. f4 exf4+ 35. Kxf4 Kg7 36. f3 Kh6 37. Rc2 Kg7 38. Ke3 Kh6 39. Rg2 Be7
40. Nxe7 Rxe7 41. Rd2 Rc7 42. h4 Rc3+ 43. Kf4 Ra3 44. Rd7 Kg7 45. Rxb7 Rxa2 46.
Rxb6 Rh2 47. Kg3 Rb2 48. Rb8 Kf6 49. Kf4 Rh2 50. e5+ Ke6 51. Rb6+ Ke7 52. Rb7+
Ke6 53. Rb6+ Ke7 54. Kg5 Rb2 55. Kh6 Rb4 56. Kg7 Rxh4 57. Rf6 Rb4 58. f4 h4 59.
Rxf7+ Ke6 60. Kxg6 h3 61. Rf6+ Ke7 62. Kf5 Rxb5 63. Rh6 Rb3 64. Rh7+ Ke8 65.
Kf6 1-0

[Event "ECCC 2013"]
[Site "Rhodes"]
[Date "2013.10.25"]
[Round "6"]
[White "Steil-Antoni, Fiona"]
[Black "Schneider, Stefan"]
[Result "1/2-1/2"]
[WhiteElo "2185"]
[BlackElo "2327"]
[PlyCount "74"]
[EventDate "2013.10.20"]
[EventType "team"]
[EventRounds "7"]
[EventCountry "GRE"]
[WhiteTeam "The Smashing Pawns Belvaux"]
[BlackTeam "Limhamns SK"]

1. e4 e6 2. f4 d5 3. e5 c5 4. Nf3 Nc6 5. c3 Nh6 6. Na3 Nf5 7. Nc2 h5 8. Bd3 g6
9. O-O Be7 10. Bxf5 gxf5 11. d4 b6 12. Qe2 a5 13. Rd1 Ba6 14. Qf2 c4 15. a4 Qd7
16. Be3 b5 17. axb5 Bxb5 18. Ra2 a4 19. Rda1 Na5 20. Na3 Nb3 21. Rb1 O-O-O 22.
Qe2 Kb7 23. Nd2 Ba6 24. h3 Rdg8 25. Kh2 Rg6 26. Rg1 Qe8 27. Nf3 Rg7 28. Bf2 Qd8
29. Qe1 Rhg8 30. Nb1 Bb5 31. Nbd2 Kc6 32. Nf1 Rh8 33. Ne3 Kb7 34. Nc2 Rhg8 35.
Ne3 Rh8 36. Nc2 Rhg8 37. Ne3 Rh8 1/2-1/2

[Event "ECCC 2013"]
[Site "Rhodes"]
[Date "2013.10.25"]
[Round "6"]
[White "Lindgren, Philip"]
[Black "Gengler, Pierre"]
[Result "1-0"]
[WhiteElo "2278"]
[BlackElo "2134"]
[PlyCount "131"]
[EventDate "2013.10.20"]
[EventType "team"]
[EventRounds "7"]
[EventCountry "GRE"]
[WhiteTeam "Limhamns SK"]
[BlackTeam "The Smashing Pawns Belvaux"]

1. d4 d5 2. c4 c6 3. Nf3 e6 4. Nc3 f5 5. Bf4 Nf6 6. e3 Be7 7. h3 Ne4 8. Qc2 Nd7
9. Bd3 O-O 10. g4 Ndf6 11. Ne5 Nxc3 12. bxc3 Ne4 13. Rb1 Bh4 14. Rf1 Qe8 15.
Ke2 Ng5 16. Bxg5 Bxg5 17. f4 Bf6 18. Rf3 g6 19. gxf5 gxf5 20. Rg3+ Kh8 21. Rbg1
Bxe5 22. fxe5 Bd7 23. Qb2 b6 24. Qa3 Rf7 25. Kf3 a5 26. Qb2 b5 27. cxb5 cxb5
28. Qg2 Qf8 29. Rg5 b4 30. cxb4 axb4 31. Qg3 Ba4 32. h4 Re8 33. h5 h6 34. Rg6
Bd7 35. Kf4 Bc8 36. Bb5 Rd8 37. Rg2 Kh7 38. Kf3 Kh8 39. Rg1 Kh7 40. Rg2 Kh8 41.
Kf4 Kh7 42. Qh4 Qe7 43. Rf6 Rg8 44. Rxh6+ Kxh6 45. Qxe7 Rxe7 46. Rxg8 Bb7 47.
Be2 Bc6 48. Rg6+ Kh7 49. Kg5 Be8 50. Rf6 Rg7+ 51. Kf4 Rg2 52. Rxe6 Ba4 53. Bd3
Rxa2 54. Bxf5+ Kg7 55. h6+ Kf7 56. h7 Rf2+ 57. Kg3 Rxf5 58. Rf6+ Kg7 59. Rxf5
Bc2 60. Rf6 b3 61. Rb6 Kxh7 62. Kf2 Kg7 63. Ke1 Kf7 64. Kd2 Ke7 65. Kc3 Bd1 66.
Rxb3 1-0

[Event "ECCC 2013"]
[Site "Rhodes"]
[Date "2013.10.25"]
[Round "6"]
[White "Jeitz, Olivier"]
[Black "Penalver, Osmani"]
[Result "0-1"]
[WhiteElo "2010"]
[BlackElo "2264"]
[PlyCount "94"]
[EventDate "2013.10.20"]
[EventType "team"]
[EventRounds "7"]
[EventCountry "GRE"]
[WhiteTeam "The Smashing Pawns Belvaux"]
[BlackTeam "Limhamns SK"]

1. c4 e5 2. Nc3 Nf6 3. g3 d5 4. cxd5 Nxd5 5. Bg2 Nb6 6. Nf3 Nc6 7. O-O Be7 8.
d3 O-O 9. b3 Be6 10. Bb2 f6 11. Rc1 Qd7 12. Re1 Nd4 13. Ne4 Nxf3+ 14. Bxf3 Bd5
15. Qc2 c6 16. Nc5 Bxc5 17. Bxd5+ Qxd5 18. Qxc5 Qf7 19. e4 Nd7 20. Qb4 Nb8 21.
d4 Na6 22. Qc3 exd4 23. Qxd4 Rfd8 24. Qc3 c5 25. Rcd1 b6 26. a3 Nc7 27. Qc2 Ne6
28. Rxd8+ Rxd8 29. Rd1 Rd7 30. Rd3 Ng5 31. h4 Qe6 32. Rxd7 Nf3+ 33. Kf1 Qxd7
34. Ke2 Qg4 35. Ke3 Ng1 36. Qc4+ Kf8 37. Kd2 Qf3 38. Qd5 Qxf2+ 39. Kc1 Qxg3 40.
Qd8+ Kf7 41. Qd7+ Kg6 42. Qf5+ Kh6 43. Kb1 Ne2 44. e5 Qg6 45. Qxg6+ Kxg6 46. e6
Nf4 47. h5+ Nxh5 0-1

[Event "ECCC 2013"]
[Site "Rhodes"]
[Date "2013.10.25"]
[Round "6"]
[White "Pedersen, Christian Kyndel"]
[Black "Cox, John J"]
[Result "1-0"]
[WhiteElo "2427"]
[BlackElo "2387"]
[PlyCount "57"]
[EventDate "2013.10.20"]
[EventType "team"]
[EventRounds "7"]
[EventCountry "GRE"]
[WhiteTeam "Jetsmark"]
[BlackTeam "Barbican 4NCL"]

1. d4 d5 2. c4 c6 3. Nf3 Nf6 4. Nc3 dxc4 5. a4 Bf5 6. Ne5 Nbd7 7. Nxc4 Qc7 8.
g3 e5 9. dxe5 Nxe5 10. Bf4 Nfd7 11. Bg2 g5 12. Ne3 gxf4 13. Nxf5 O-O-O 14. Qc2
Nc5 15. O-O fxg3 16. hxg3 a5 17. Rfd1 h5 18. Ne4 Nxe4 19. Qxe4 Bb4 20. Rac1 Kb8
21. Bf3 f6 22. Kg2 Qf7 23. Qe3 Rxd1 24. Rxd1 Nxf3 25. Qxf3 Qe6 26. b3 Qe5 27.
Rd4 Re8 28. Qxh5 Qxe2 29. Rd8+ 1-0

[Event "ECCC 2013"]
[Site "Rhodes"]
[Date "2013.10.25"]
[Round "6"]
[White "Ferguson, Mark"]
[Black "Ochsner, Bjorn Moller"]
[Result "1/2-1/2"]
[WhiteElo "2414"]
[BlackElo "2296"]
[PlyCount "129"]
[EventDate "2013.10.20"]
[EventType "team"]
[EventRounds "7"]
[EventCountry "GRE"]
[WhiteTeam "Barbican 4NCL"]
[BlackTeam "Jetsmark"]

1. e4 c6 2. d4 d5 3. e5 Bf5 4. Nf3 e6 5. Be2 Nd7 6. O-O h6 7. c3 Ne7 8. Na3 Qc7
9. Bd2 g5 10. Rc1 Ng6 11. c4 Nb6 12. c5 Nd7 13. b4 a6 14. Ne1 Nf4 15. Bxf4 gxf4
16. Bd3 Qd8 17. Bxf5 exf5 18. Nf3 Qe7 19. Qd3 Qe6 20. Nh4 Rg8 21. Nxf5 Rg5 22.
Nd6+ Bxd6 23. exd6 O-O-O 24. f3 Rdg8 25. Rf2 Qh3 26. Qe2 Rh5 27. Qe8+ Rxe8 28.
gxh3 Rxh3 29. Nc2 Nf8 30. Re1 Ne6 31. Re5 Rg8+ 32. Rg2 Rg5 33. Rgxg5 hxg5 34.
Kg2 Rh6 35. a4 Kd7 36. Re1 Rh8 37. Rb1 Ra8 38. Kf2 Rh8 39. Kg1 Ra8 40. Rb2 f5
41. b5 axb5 42. axb5 Nd8 43. bxc6+ bxc6 44. h3 Ra5 45. Kf2 Rb5 46. Ra2 Rb7 47.
Ke2 Ne6 48. Kd2 g4 49. hxg4 fxg4 50. fxg4 Ng5 51. Ne1 Rb3 52. Kc2 Re3 53. Ra7+
Kd8 54. Nd3 Nf3 55. Nxf4 Nxd4+ 56. Kd2 Re4 57. Nd3 Nf3+ 58. Kd1 Rxg4 59. Rf7
Rg1+ 60. Ke2 Nd4+ 61. Ke3 Ne6 62. Re7 Nxc5 63. Nxc5 Re1+ 64. Kd4 Rxe7 65. dxe7+
1/2-1/2